The complete idiot's guide to managing your money (Record no. 2849)

MARC details
000 -LEADER
fixed length control field 00581nam a22002057a 4500
003 - CONTROL NUMBER IDENTIFIER
control field URS
005 - DATE AND TIME OF LATEST TRANSACTION
control field 20220114142308.0
008 - FIXED-LENGTH DATA ELEMENTS--GENERAL INFORMATION
fixed length control field 200212s1995 a|||| |||| 00| 0 eng d
020 ## - INTERNATIONAL STANDARD BOOK NUMBER
International Standard Book Number 1567615309
040 ## - CATALOGING SOURCE
Transcribing agency URS
Language of cataloging eng
Modifying agency rda
050 14 - LIBRARY OF CONGRESS CALL NUMBER
Classification number HG 179
Item number .H4338 1995
100 1# - MAIN ENTRY--PERSONAL NAME
Personal name Heady,Robert K.
245 14 - TITLE STATEMENT
Title The complete idiot's guide to managing your money
Statement of responsibility, etc. Robert K. Heady, Cristy Heady
260 ## - PUBLICATION, DISTRIBUTION, ETC.
Place of publication, distribution, etc. Usa:
Name of publisher, distributor, etc. Alpha Books;
Date of publication, distribution, etc. [1995]
300 ## - PHYSICAL DESCRIPTION
Extent xvii 420 pages
Other physical details with Illustration
Dimensions 23 cm
504 ## - BIBLIOGRAPHY, ETC. NOTE
Bibliography, etc. note Include index
650 ## - SUBJECT ADDED ENTRY--TOPICAL TERM
Topical term or geographic name entry element Money
700 ## - ADDED ENTRY--PERSONAL NAME
Personal name Heady,Cristry
942 ## - ADDED ENTRY ELEMENTS (KOHA)
Source of classification or shelving scheme Library of Congress Classification
Koha item type Foreign Books
Holdings
Withdrawn status Source of classification or shelving scheme Damaged status Not for loan Collection code Home library Current library Shelving location Date acquired Total Checkouts Full call number Barcode Date last seen Price effective from Koha item type
  Library of Congress Classification     Non-fiction Cainta College Library Cainta College Library On Display 11/08/2017   HG 179.H4338 1995 URSCAI-3024 11/08/2017 11/08/2017 Foreign Books

University of Rizal System
Email us at univlibservices@urs.edu.ph

Visit our Website www.urs.edu.ph/library